Military Service Rifles by Image - Statistics

General Stats
  • This quiz has been taken 667 times
    341 since last reset
  • The average score is 8 of 18
Answer Stats
Picture Hint Answer % Correct
The United State's service carbine, chambered in 5.56x45mm M4/M4A1
94%
Cold War Soviet service rifle, chambered in 5.45x39mm AK-74
88%
Belgian 7.62x51mm battle rife, nicknamed "The right arm of the free world" FN FAL
81%
German service rifle with a polymer receiver, chambered in 5.56x45mm G36
70%
Modern Russian service rifle, chambered in 5.45x39mm AK-12
68%
German assault rifle derived from the AR-15, chambered in 5.56x45mm HK416
64%
Integrally suppressed Soviet assault rifle, chambered in 9x39mm AS VAL
63%
Late Cold War variant of the classic American service rifle with 3 round burst, chambered in 5.56x34mm M16A2
61%
Belgian assault rifle originally developed for SOCOM, this variant chambered in 5.56x45mm SCAR-L/Mk 16
54%
Improved version of the British bullpup assault rifle, chambered in 5.56x45mm L85A2
34%
South Korean service rifle, chambered in 5.56x45mm K2
29%
Canadian service rifle that's similar to the M16A3, chambered in 5.56x45mm C7
26%
Swedish service rifle derived from the FNC, chambered in 5.56x45mm Ak 5
24%
Swiss service rifle chambered in 5.56x45mm SG550
23%
Italy's 5.56x45mm service rifle ARX160
17%
Next-generation Chinese service rifle that was first unveiled in 2019, chambered in 5.8x42mm QBZ-191
14%
Polish 5.56x45mm Kalashnikov variant wz 96 Beryl
14%
Mexican service rifle, chambered in 5.56x45mm FX-05
8%
No matching quizzes found
Score Distribution
Percent of People with Each Score
Percentile by Number Answered
Your Score History
You have not taken this quiz since the last reset